Falling over backwards : (Record no. 65178)

MARC details
000 -LEADER
fixed length control field 00587nam a22001577a 4500
005 - DATE AND TIME OF LATEST TRANSACTION
control field 20120418113139.0
020 ## - INTERNATIONAL STANDARD BOOK NUMBER
International Standard Book Number 8129109522
Terms of availability 495.00
035 ## - SYSTEM CONTROL NUMBER
System control number B-157855
037 ## - SOURCE OF ACQUISITION
Stock number DPL
Source of stock number/acquisition ENG
100 ## - MAIN ENTRY--PERSONAL NAME
Personal name Shourie, Arun
245 ## - TITLE STATEMENT
Title Falling over backwards :
Remainder of title An essay on reservations and on judicial populism /
Statement of responsibility, etc by Arun Shourie
260 ## - PUBLICATION, DISTRIBUTION, ETC. (IMPRINT)
Place of publication, distribution, etc New Delhi
Name of publisher, distributor, etc Rupa and Co.
Date of publication, distribution, etc 2006
300 ## - PHYSICAL DESCRIPTION
Extent xi, 378p.
Dimensions 22 cms.
942 ## - ADDED ENTRY ELEMENTS (KOHA)
Source of classification or shelving scheme Dewey Decimal Classification
Item type English Books
Classification part 305.56
Call number suffix SHO
Holdings
Withdrawn status Lost status Not for loan Collection code Home library Current library Date acquired Cost, normal purchase price Full call number Barcode Cost, replacement price Koha item type
      Non-fiction Sarojini Nagar Sarojini Nagar 18/04/2012 495.00 305.56 SHO B-157855 495.00 English Books

© Delhi Public Library
Hit Counter
free hit counter